Strategies for sustainable urban development : addressing the challenges of the 21st century / editors, Liyin Shen, Jorge Ochoa, Haijun Bao. (Record no. 22446)

000 -LEADER
fixed length control field 01189nam a22002177a 4500
020 ## - INTERNATIONAL STANDARD BOOK NUMBER
ISBN 9783036573564
082 ## - DEWEY DECIMAL CLASSIFICATION NUMBER
Classification number 711.4
Item number Sh546s 2022
100 ## - MAIN ENTRY--AUTHOR NAME
Personal name Shen, Liyin, editor.
245 ## - TITLE STATEMENT
Title Strategies for sustainable urban development : addressing the challenges of the 21st century / editors, Liyin Shen, Jorge Ochoa, Haijun Bao.
260 ## - PUBLICATION, DISTRIBUTION, ETC. (IMPRINT)
Place of publication Basel :
Name of publisher MDPI,
Year of publication 2022
300 ## - PHYSICAL DESCRIPTION
Number of Pages 1 online resource, xi, 314 pages :
Other physical details illustrations, maps ; 24 cm
490 ## - SERIES STATEMENT
Series statement Printed Edition of the Topical Collection Published in Buildings
500 ## - GENERAL NOTE
General note Includes bibliographical references.
Reprint of articles originally published in the journal Buildings.
520 ## - SUMMARY, ETC.
Summary, etc This book explores strategies for sustainable urban development, addressing challenges such as urban resilience, environmental protection, smart city planning, and ecological sustainability. It provides theoretical models, evaluation methods, and practical governance strategies for planners and policymakers.

650 ## - SUBJECT ADDED ENTRY--TOPICAL TERM
Topical Term Sustainable development
650 ## - SUBJECT ADDED ENTRY--TOPICAL TERM
Topical Term Urban policy.
650 ## - SUBJECT ADDED ENTRY--TOPICAL TERM
Topical Term City planning.
650 ## - SUBJECT ADDED ENTRY--TOPICAL TERM
Topical Term Environmental protection.
700 ## - ADDED ENTRY--PERSONAL NAME
Personal name Ochoa, Jorge, editor. Bao, Haijun, editor.
942 ## - ADDED ENTRY ELEMENTS (KOHA)
Koha item type Electronic Books
Holdings
Source of acquisition Permanent Location Date acquired Collection code Koha item type Lost status Shelving location Withdrawn status Current Location Full call number
DonationCagayan State University - Carig Library2026-04-22Educational GamesElectronic Books E-Resource Section Cagayan State University - Carig Library711.4 Sh546s 2022

Cagayan State University University Library, Carig Campus
Tuguegarao City, Cagayan 3500 | www.csucarig.edu.ph

Powered by Koha